00870nas a2200229Ia 4500001001100000003000900011008004100020040001300061040001300074041001300087100004700100210002400147222002400171245006700195250001100262260003800273501008600311300001700397362002600414500016200440650003800602R221/62565IT-RoPAU151124c99999999xx |||||||||||| ||und|| aIT-RoPAU cIT-RoPAU aITALIANO aAnceschi LucianogCodice Aut. SPICS: 9915 aRIVISTA DI ESTETICA aRivista Di Estetica aRIVISTA DI ESTETICA, ANNO 26-N.24 (1986)bMetafora E Filosofia a1a ed. aTORINObROSENBERG & SELLIERc1986 bPaulus - SPICS - Società San Paolo EM (non-commercial uses only)cCopyright2015 a12 p. [3-14] aANNO 026, N.24 (1986) aRelazione di Apertura per il Primo Convegno di Estetica che Si Terrà a Napolinel Gennaio 1987. Metafora e Poesia. Metafora e Scienza. Metafora e Filosofia. aESTETICAvPUBBLICAZIONE PERIODICA